Introduction to nursing research: (Record no. 4740)
[ view plain ]
| 000 -LEADER | |
|---|---|
| fixed length control field | 00573nam a22001697a 4500 |
| 008 - FIXED-LENGTH DATA ELEMENTS--GENERAL INFORMATION | |
| fixed length control field | 160921b xxu||||| |||| 00| 0 eng d |
| 020 ## - INTERNATIONAL STANDARD BOOK NUMBER | |
| International Standard Book Number | 971-584-377-8 |
| 082 ## - DEWEY DECIMAL CLASSIFICATION NUMBER | |
| Edition number | 2001 |
| Classification number | DFil 610.73072 |
| Item number | V56i |
| 100 ## - MAIN ENTRY--PERSONAL NAME | |
| 9 (RLIN) | 15053 |
| Personal name | Venson, Lydia M. |
| 245 ## - TITLE STATEMENT | |
| Title | Introduction to nursing research: |
| Remainder of title | quest for quality nursing/ |
| Statement of responsibility, etc. | Lydia M. Venson. |
| 260 ## - PUBLICATION, DISTRIBUTION, ETC. (IMPRINT) | |
| Place of publication, distribution, etc. | Quezon City: |
| Name of publisher, distributor, etc. | C & E Publishing, Inc., |
| Date of publication, distribution, etc. | c2004. |
| 300 ## - PHYSICAL DESCRIPTION | |
| Extent | viii, 187 pages: |
| Other physical details | illustrations; |
| Dimensions | 22 cm. |
| 500 ## - GENERAL NOTE | |
| General note | Includes glossary and index. |
| 650 #0 - SUBJECT ADDED ENTRY--TOPICAL TERM | |
| 9 (RLIN) | 15054 |
| Topical term or geographic name as entry element | Nursing research |
| 365 ## - TRADE PRICE | |
| Price amount | 225.00 |
| Currency code | Php |
| 942 ## - ADDED ENTRY ELEMENTS (KOHA) | |
| Source of classification or shelving scheme | Dewey Decimal Classification |
| Koha item type | Filipiniana |
| Withdrawn status | Lost status | Source of classification or shelving scheme | Damaged status | Not for loan | Collection code | Home library | Current library | Date acquired | Source of acquisition | Total Checkouts | Full call number | Barcode | Date last seen | Copy number | Cost, replacement price | Price effective from | Koha item type |
|---|---|---|---|---|---|---|---|---|---|---|---|---|---|---|---|---|---|
| Dewey Decimal Classification | Filipiniana | UM Digos College - LIC | UM Digos College - LIC | 09/20/2006 | Purchased | DFil 610.73072 V56i 2004 | 18690 | 06/08/2021 | 1 | 225.00 | 09/21/2016 | Filipiniana | |||||
| Dewey Decimal Classification | Filipiniana | UM Digos College - LIC | UM Digos College - LIC | 09/20/2006 | Purchased | DFil 610.73072 V56i 2004 | 18691 | 06/08/2021 | 2 | 225.00 | 09/21/2016 | Filipiniana | |||||
| Dewey Decimal Classification | Filipiniana | UM Digos College - LIC | UM Digos College - LIC | 09/29/2007 | Purchased | DFil 610.73072 V56i 2004 | 19314 | 06/08/2021 | 3 | 09/21/2016 | Filipiniana |
